000 00550nam a2200205Ia 4500
003 OSt
005 20230421092950.0
008 210423s2008 xx 000 0 und d
020 _a9780521098076
040 _cAL
041 _aeng
082 _a512.4 NORD
100 _aNORTHCOTT (D G).
_991273
245 _aLessons on rings modules and multiplicities.
260 _aNew Delhi
_bCambridge University Press
_c2008
300 _axiv,444
_bPB
365 _b2123
_cINR
906 _aLessons ; modules ; multiplicities. ; rings
942 _2ddc
_cBK
999 _c160416
_d160416